000 00747nam a22002417a 4500
001 BR7500964
003 BR-BrBNA
005 20230928084731.0
007 ta
008 230509b bl.||||| |||| 00| 0 por d
040 _aBR-BrBNA
_bpor
_cBiblioteca Nacional de Agricultura
041 _a(Por)
072 _aR00
_b/G514
090 _ R00 BR7500964
110 1 _aAssociacao de Credito e Assistencia Rural do Estado do Para, Belem (Brasil)
_9493
245 1 _aRelatorio de atividades dos clubes de maes de Altamira [extensao rural, Para, Brasil]
_bConvenio ACAR-PARA/INCRA
260 3 _aBelem, PA (Brasil):
_c1975.
300 _a8 p.
650 _aECONOMIA DOMESTICA
650 _aPARA
909 _a202309
_bLucia
_c55
_dLucia Elande
942 _cBK
999 _c20782
_d20782